Možnosti analýzy deformácie v objeme výtvarku pri kovotlačení

Saved in:
Bibliographic Details
Main Author: Frnčík, Ondrej, 1991- (Author)
Other Authors: Martinkovič, Maroš, 1957- (Thesis advisor)
Format: Manuscript Book
Language:Slovak
Published: Trnava : STU v Bratislave MTF UVTE, 2013
Subjects:
Online Access:VAIS
Tags: Add Tag
No Tags, Be the first to tag this record!

MARC

LEADER 00000ntm a22000003a 4500
001 stu269858
005 20150617230248.9
008 130703s2013----xo------------------slo-d
040 |a STU  |b slo 
041 0 |a slo 
044 |a xo 
100 1 |a Frnčík, Ondrej,  |d 1991-  |4 aut  |u M  |T MTF Materiálovotechnologická fakulta  |X 6629  |U M  |Y 60  |7 A000006629 
242 0 0 |a The options of analyzing the forming volume deformation in metal spinning  |y eng 
245 1 |a Možnosti analýzy deformácie v objeme výtvarku pri kovotlačení 
260 |a Trnava :  |b STU v Bratislave MTF UVTE,  |c 2013 
650 7 |a výrobné technológie  |2 stusub 
650 7 |a Production Technologies  |2 estusub 
650 7 |a metal spinning  |2 estusub 
650 7 |a deformation  |2 estusub 
650 7 |a deformácia  |2 stusub 
700 1 |a Martinkovič, Maroš,  |d 1957-  |4 ths  |u M3000  |U MTF Materiálovotechnologická fakulta  |T MTF Ústav výrobných technológií  |X 206  |U M3000  |Y 83  |7 A000000206 
856 4 |a info a plný text  |u http://is.stuba.sk/zp/portal_zp.pl?podrobnosti=78901  |3 VAIS 
996 |c M*BP-6199  |l MMSKP  |s P  |a 0  |w stu269858_0001